Biblioteka Instytutu Północnego w Olsztynie

Der Sozialismus : (Rekord nr 26451)

Szczegóły MARC
000 -Nagłówek
fixed length control field 01071cam a2200289 i 4500
001 - Nr kontrolny bibl., która utworzyła rek.
control field xx005212520
003 - Siglum bibl., której nr kontr. jest w 001
control field NUKAT
005 - Data i czas ostatniej operacji
control field 20260129225200.0
008 - Elementy pola stałej długości
fixed length control field 210929s1910 gw g |001 0 ger c
035 ## - Systemowy numer kontrolny
systemowy numer kontrolny (OCoLC)1273298737
035 ## - Systemowy numer kontrolny
systemowy numer kontrolny (NUKAT)xx005212520
040 ## - Instytucja sporządzająca opis
Instytucja, która sporządziła opis WR 004/EM
język katalgowania-trzyzn. kod pol
zasady opisu rda
Instytucja, która sporządziła rekord WR 004/EM
Instytucja, która zmodyfikowała rekord WR 194/JW
100 1# - Hasło główne-nazwa osobowa
Nazwa osobowa Cathrein, Victor
Daty biograficzne (1845-1931).
rodzaj współpracy Autor
9 (RLIN) 36008
240 10 - Tytuł ujednolicony
tytuł ujednolicony Sozialismus
język tekstu (niem.)
245 14 - Tytuł właściwy i oznaczenie odpow.
tytuł Der Sozialismus :
dodatek do tytułu eine Untersuchung seiner Grundlagen und seiner Durchführbarkeit /
dod. inf. ze s. tyt./ozn. odpow. von Viktor Cathrein.
250 ## - Oznaczenie wydania
oznaczenie wydania Zehnte bedeutend umgearbeitete und vermehrte Auflage. (21.-23. Tausend).
260 ## - Adres wydawniczy
miejsce wydania, dystrybucji itp. Freiburg im Breisgau :
nazwa wydawcy, dystrybutora itp. Herdersche Verlagshandlung,
data wydania, dystrybucji itp. 1910.
300 ## - Opis fizyczny
objętość i/lub forma materiału XVIII, 520 stron ;
format 20 cm.
336 ## - Content Type
Term Tekst
Code txt
Source rdacontent
337 ## - Media Type
Term Bez urządzenia pośredniczącego
Code n
Source rdamedia
338 ## - Carrier Type
Term Wolumin
Code nc
Source rdacarrier
500 ## - Uwaga ogólna
uwaga ogólna Czcionka gotycka.
504 ## - Uwaga o bibliografii
uwaga o bibliografii Indeks.
650 #7 - Hasło przedmiotowe-nazwa pospolita
nazwa pospolita lub geogr. Socjalizm.
źródło hasła kaba
9 (RLIN) 33085
710 2# - Hasło dodatkowe - nazwa ciała zbior.
nazwa ciała zbior. lub nazwa geogr. Herdersche Verlagsbuchhandlung.
rodzaj współpracy Wydawca
kod rodzaju współpracy pbl
9 (RLIN) 36009
942 ## - ADDED ENTRY ELEMENTS (KOHA)
Source of classification or shelving scheme Dewey Decimal Classification
Koha item type pozycje dostępne na miejscu
Egzemplarze
Status wycofania Status zagubienia Klasyfikacja Status uszkodzenia Blokada wypożyczeń Kolekcja Lokalizacja macierzysta Lokalizacja bieżąca Data nabycia Numer akcesji Nr inwentarzowy il. wypożyczeń Sygnatura Kod kreskowy Date last seen Price effective from Typ egz.
    Dewey Decimal Classification nieuszkodzona   Pracownia Badań Księgozbiorów Historycznych Biblioteka Instytutu Północnego w Olsztynie Pracownia Badań Księgozbiorów Historycznych 29/01/2026 L-77/1969 12518   12518 IPWK20429 29/01/2026 29/01/2026 pozycje dostępne na miejscu
Biblioteka Instytutu Północnego, ul. Partyzantów 87, 10-402 Olsztyn, email: biblioteka(at)ip.olsztyn.pl